[Event "Asia-ch Blitz U20 Girls"]
[Site "Jamshedpur"]
[Date "2023.09.15"]
[Round "2"]
[White "Wadifa, Ahmed"]
[Black "Pournami, S."]
[Result "0-1"]
[WhiteElo "1660"]
[BlackElo "1367"]
[PlyCount "76"]
[EventDate "2023.09.15"]
[EventType "swiss (blitz)"]
[EventRounds "9"]
[EventCountry "IND"]
[SourceTitle "EXT 2024"]
[Source "ChessBase"]
[SourceDate "2023.10.10"]
[SourceVersion "1"]
[SourceVersionDate "2023.10.10"]
[SourceQuality "1"]

1. e4 c5 2. Nf3 d6 3. d4 cxd4 4. Nxd4 Nf6 5. Nc3 a6 6. Be3 e6 7. Be2 b5 8. 0-0 Bb7 9. Bd3 b4 10. Na4 Nxe4 11. Qg4 Nf6 12. Qg3 d5 13. f4 Nc6 14. Kh1 h5 15. f5 h4 16. Qe1 e5 17. Nxc6 Bxc6 18. b3 Bd6 19. Bg5 h3 20. Kg1 hxg2 21. Rf2 e4 22. Rxg2 Qe7 23. Bf1 d4 24. Bxf6 Qxf6 25. Qe2 e3 26. Nb2 Bxg2 27. Bxg2 Bxh2+ 28. Kf1 Qxf5+ 29. Bf3 Bg3 30. Kg1 Rc8 31. Nd3 Bh2+ 32. Kf1 Rh3 33. Qg2 Qxf3+ 34. Qxf3 Rxf3+ 35. Ke2 Rf6 36. Rh1 Rxc2+ 37. Kd1 Rd2+ 38. Ke1 Bg3+ 0-1

[Event "Asia-ch U20 Girls"]
[Site "Jamshedpur"]
[Date "2023.09.14"]
[Round "8"]
[White "Wadifa, Ahmed"]
[Black "Patil, Disha"]
[Result "1-0"]
[WhiteElo "1833"]
[BlackElo "1617"]
[PlyCount "93"]
[EventDate "2023.09.09"]
[EventType "swiss"]
[EventRounds "9"]
[EventCountry "IND"]
[SourceTitle "EXT 2024"]
[Source "ChessBase"]
[SourceDate "2023.10.10"]
[SourceVersion "1"]
[SourceVersionDate "2023.10.10"]
[SourceQuality "1"]

1. e4 e5 2. Nf3 Nc6 3. Bb5 a6 4. Ba4 Nf6 5. 0-0 b5 6. Bb3 Be7 7. Re1 d6 8. c3 0-0 9. h3 Na5 10. Bc2 c5 11. d4 Qc7 12. d5 Bd7 13. b3 Nb7 14. Nbd2 g6 15. Nf1 Nh5 16. Bh6 Ng7 17. g4 f6 18. Ng3 Nd8 19. Nh2 Nf7 20. Bd2 c4 21. h4 Kh8 22. Kh1 Rfc8 23. h5 g5 24. Nf5 Nxf5 25. gxf5 h6 26. Ng4 a5 27. bxc4 Qxc4 28. a4 b4 29. Bb3 Qc5 30. Be3 Qxc3 31. Rc1 Qb2 32. Rxc8+ Rxc8 33. Re2 Qc3 34. Rc2 Kg7 35. Rxc3 Rxc3 36. Bb6 Bd8 37. Bxd8 Nxd8 38. Qe2 Rxb3 39. Qa6 Nf7 40. Qa7 Rb1+ 41. Kg2 b3 42. Qxd7 b2 43. Nxh6 Kxh6 44. Qxf7 Rg1+ 45. Kxg1 b1Q+ 46. Kh2 Qxe4 47. Qg6# 1-0

[Event "Asia-ch U20 Girls"]
[Site "Jamshedpur"]
[Date "2023.09.13"]
[Round "7"]
[White "Wadifa, Ahmed"]
[Black "Vakcheri, Mohitha"]
[Result "1/2-1/2"]
[WhiteElo "1833"]
[BlackElo "1653"]
[PlyCount "68"]
[EventDate "2023.09.09"]
[EventType "swiss"]
[EventRounds "9"]
[EventCountry "IND"]
[SourceTitle "EXT 2024"]
[Source "ChessBase"]
[SourceDate "2023.10.10"]
[SourceVersion "1"]
[SourceVersionDate "2023.10.10"]
[SourceQuality "1"]

1. e4 e6 2. d4 d5 3. Nc3 Nf6 4. Bg5 Be7 5. e5 Nfd7 6. Bxe7 Qxe7 7. f4 a6 8. Nf3 c5 9. Qd2 Nc6 10. Ne2 b5 11. c3 Bb7 12. Ng3 0-0 13. Be2 cxd4 14. Nxd4 f6 15. exf6 Nxf6 16. 0-0 Ne4 17. Qe3 Rae8 18. Bd3 Nxg3 19. hxg3 e5 20. Nxc6 Bxc6 21. fxe5 Rxf1+ 22. Rxf1 Qxe5 23. Qxe5 Rxe5 24. Kf2 g6 25. Rh1 Kg7 26. Rh4 a5 27. Rf4 g5 28. Rf5 Rxf5+ 29. Bxf5 h6 30. Ke3 Kf6 31. g4 Ke5 32. g3 Be8 33. Bc8 Bc6 34. a3 Be8 1/2-1/2

[Event "Asia-ch Rapid U20 Girls"]
[Site "Jamshedpur"]
[Date "2023.09.08"]
[Round "8"]
[White "Wadifa, Ahmed"]
[Black "Sanudula, KM Dahamdi"]
[Result "1-0"]
[WhiteElo "1820"]
[BlackElo "1474"]
[PlyCount "57"]
[EventDate "2023.09.08"]
[EventType "swiss (rapid)"]
[EventRounds "9"]
[EventCountry "IND"]
[SourceTitle "EXT 2024"]
[Source "ChessBase"]
[SourceDate "2023.10.10"]
[SourceVersion "1"]
[SourceVersionDate "2023.10.10"]
[SourceQuality "1"]

1. e4 d5 2. exd5 Qxd5 3. Nc3 Qa5 4. d4 Nf6 5. Bc4 c6 6. Nf3 Bg4 7. h3 Bxf3 8. Qxf3 e6 9. Bd2 Qb6 10. Bb3 Qxd4 11. 0-0-0 Qb6 12. Rhe1 Be7 13. Qg3 Nbd7 14. Be3 Qa5 15. Bd2 Qb6 16. Bxe6 fxe6 17. Rxe6 Kf7 18. Rxe7+ Kxe7 19. Qxg7+ Ke6 20. Re1+ Ne5 21. f4 Nfd7 22. Qg4+ Ke7 23. fxe5 Rag8 24. Bg5+ Rxg5 25. Qxg5+ Ke8 26. e6 Nc5 27. Qh5+ Kd8 28. Rd1+ Kc8 29. e7 1-0

[Event "World ol U16"]
[Site "Eindhoven"]
[Date "2023.08.16"]
[Round "6.6"]
[White "Wadifa, Ahmed"]
[Black "Maria, Lia Alexandra"]
[Result "1-0"]
[WhiteElo "1872"]
[BlackElo "1759"]
[PlyCount "63"]
[EventDate "2023.08.13"]
[EventType "team-swiss"]
[EventRounds "9"]
[EventCountry "NED"]
[SourceTitle "CBM 215 Extra"]
[Source "ChessBase"]
[SourceDate "2023.09.30"]
[SourceVersion "1"]
[SourceVersionDate "2023.09.30"]
[SourceQuality "1"]
[WhiteTeam "Bangladesh"]
[BlackTeam "Romania"]
[WhiteTeamCountry "BAN"]
[BlackTeamCountry "ROU"]

1. e4 c5 2. Nf3 d6 3. d4 cxd4 4. Nxd4 Nf6 5. Nc3 a6 6. Be3 e6 7. f3 b5 8. Qd2 Nbd7 9. g4 h6 10. h4 Nb6 11. 0-0-0 Bb7 12. Rg1 Nfd7 13. g5 hxg5 14. hxg5 g6 15. a3 Ne5 16. f4 Nec4 17. Bxc4 Nxc4 18. Qe1 Rc8 19. f5 e5 20. fxg6 fxg6 21. Ne6 Qe7 22. Nxf8 Rxf8 23. Nd5 Bxd5 24. Rxd5 Qc7 25. Rg2 Rf3 26. Bg1 Nxa3 27. bxa3 Rxa3 28. Qb4 Ra4 29. Qb3 Qa5 30. Rxe5+ dxe5 31. Qe6+ Kd8 32. Bb6+ 1-0

[Event "BAN-ch (Women)"]
[Site "Dhaka"]
[Date "2022.11.27"]
[Round "10"]
[White "Wadifa, Ahmed"]
[Black "Jannatul, Ferdous"]
[Result "0-1"]
[WhiteElo "1656"]
[BlackElo "1861"]
[PlyCount "60"]
[EventDate "2022.11.17"]
[EventType "tourn"]
[EventRounds "11"]
[EventCountry "BAN"]
[SourceTitle "CBM 211 Extra"]
[Source "ChessBase"]
[SourceDate "2023.01.31"]
[SourceVersion "1"]
[SourceVersionDate "2023.01.31"]
[SourceQuality "1"]

1. e4 c6 2. d4 d5 3. e5 Bf5 4. Nf3 e6 5. Be2 c5 6. c4 dxc4 7. Bxc4 Nc6 8. Be3 cxd4 9. Bxd4 Nxd4 10. Nxd4 Qa5+ 11. Kf1 0-0-0 12. Qc1 Rxd4 13. Bxe6+ Kd8 14. Bxf5 Qb5+ 15. Kg1 Qxb2 16. Qc8+ Ke7 17. h4 Rd1+ 18. Kh2 Qxe5+ 19. g3 Rxh1+ 20. Kxh1 Qxa1 21. Qd7+ Kf6 22. g4 g6 23. Kg2 Kg7 24. Be4 Nf6 25. Qxb7 Nxe4 26. Qxe4 Bc5 27. g5 Qd4 28. Qf3 Rb8 29. Nc3 Rb4 30. Kf1 Qf4 0-1

[Event "BAN-chB (Women) 41st"]
[Site "Dhaka"]
[Date "2022.11.12"]
[Round "6"]
[White "Wadifa, Ahmed"]
[Black "Tasnia Tarannum, Orpa"]
[Result "1-0"]
[WhiteElo "1656"]
[BlackElo "1662"]
[PlyCount "69"]
[EventDate "2022.11.07"]
[EventType "swiss"]
[EventRounds "8"]
[EventCountry "BAN"]
[SourceTitle "EXT 2024"]
[Source "ChessBase"]
[SourceDate "2023.10.10"]
[SourceVersion "1"]
[SourceVersionDate "2023.10.10"]
[SourceQuality "1"]

1. e4 e6 2. d4 d5 3. Nd2 dxe4 4. Nxe4 c5 5. Nf3 Bd7 6. Be3 Bc6 7. Nxc5 Bxc5 8. dxc5 Qxd1+ 9. Rxd1 Bxf3 10. gxf3 Nc6 11. Bb5 Nge7 12. Ke2 Nf5 13. a4 Rd8 14. Rxd8+ Kxd8 15. Bxc6 bxc6 16. b4 Kc7 17. c4 e5 18. Ra1 Rd8 19. b5 Nd4+ 20. Bxd4 Rxd4 21. a5 Rxc4 22. b6+ Kb8 23. a6 Rxc5 24. b7 Rb5 25. Kd3 f5 26. Kc4 g6 27. f4 e4 28. h4 Rb2 29. h5 Rxf2 30. hxg6 hxg6 31. Rh1 Rb2 32. Rh8+ Kc7 33. Rc8+ Kd7 34. b8Q Rxb8 35. Rxb8 1-0

[Event "BAN-chB 47th"]
[Site "Dhaka"]
[Date "2022.11.06"]
[Round "11"]
[White "Ahmed, Feroz"]
[Black "Wadifa, Ahmed"]
[Result "1-0"]
[WhiteElo "2005"]
[BlackElo "1801"]
[PlyCount "65"]
[EventDate "2022.10.27"]
[EventType "swiss"]
[EventRounds "11"]
[EventCountry "BAN"]
[SourceTitle "EXT 2024"]
[Source "ChessBase"]
[SourceDate "2023.10.10"]
[SourceVersion "1"]
[SourceVersionDate "2023.10.10"]
[SourceQuality "1"]

1. c4 c6 2. Nf3 Nf6 3. g3 d5 4. b3 e6 5. Bg2 Nbd7 6. 0-0 Be7 7. d4 0-0 8. Nbd2 Re8 9. Qc2 Bd6 10. Bb2 e5 11. dxe5 Nxe5 12. Nxe5 Bxe5 13. Bxe5 Rxe5 14. Nf3 Bf5 15. Qc3 Re8 16. Rfd1 Qb6 17. cxd5 Nxd5 18. Qd4 Nb4 19. Qf4 Bg6 20. Rd7 Nd5 21. Qd4 Rxe2 22. Qxb6 axb6 23. Rxb7 c5 24. Nh4 Nb4 25. Rxb6 Rd8 26. a4 Rb2 27. a5 Bd3 28. Bf1 Bxf1 29. Kxf1 h6 30. Nf3 Nd3 31. a6 Kh7 32. a7 Ra8 33. Ne1 1-0

[Event "Dhaka Walton op"]
[Site "Dhaka"]
[Date "2022.04.09"]
[Round "6"]
[White "Md Jamal, Uddin"]
[Black "Wadifa, Ahmed"]
[Result "1-0"]
[WhiteElo "2106"]
[BlackElo "1766"]
[PlyCount "71"]
[EventDate "2022.04.04"]
[EventType "swiss"]
[EventRounds "9"]
[EventCountry "BAN"]
[SourceTitle "CBM 207 Extra"]
[Source "ChessBase"]
[SourceDate "2022.05.31"]
[SourceVersion "1"]
[SourceVersionDate "2022.05.31"]
[SourceQuality "1"]

1. d4 d5 2. Nf3 Nf6 3. Bf4 e6 4. e3 Bd6 5. Bg3 0-0 6. Bd3 c5 7. c3 Qc7 8. Ne5 Nbd7 9. f4 Ne4 10. Bxe4 dxe4 11. Nc4 Be7 12. f5 Qc6 13. fxe6 Qxe6 14. d5 Qh6 15. Qe2 Bg5 16. Nba3 a6 17. Nc2 b5 18. Nd6 f5 19. 0-0 Nb6 20. c4 Bd7 21. b3 Be7 22. Nb7 bxc4 23. bxc4 Ra7 24. Na5 Bf6 25. Rab1 Na4 26. Rb3 Nb2 27. Nc6 Bxc6 28. dxc6 Nd3 29. Rb7 Raa8 30. Rxf5 Bh4 31. Qg4 Bxg3 32. hxg3 Nb4 33. Nxb4 cxb4 34. Rxf8+ Rxf8 35. Qxe4 Rd8 36. Rd7 1-0